| 000 | 00654nam a2200169Ia 4500 | ||
|---|---|---|---|
| 003 | GCL | ||
| 008 | 140319s9999 xx 000 0 ara d | ||
| 040 |
_aGCL / _cGCL |
||
| 082 | 0 | 4 |
_aق _b351 _bع و |
| 100 | 1 | _aعبدالعظيم رمضان | |
| 245 | 1 | 0 |
_aالوزارات المصرية ج3:التشكيلات من 18اكتوبر 1961 الى 14 اكتوبر 1993 / _cعبدالعظيم رمضان |
| 260 |
_aالقاهرة : _bالهيئة المصرية العامة للكتاب ، _c1995 |
||
| 300 |
_a690 ص ؛ _c30 سم |
||
| 650 | 0 | 4 | _aالوزراء |
| 650 | 0 | 4 | _aمصر - تاريخ - العصر الحديث (1805 - 1956 ) |
| 942 |
_2ddc _cBK |
||
| 999 |
_c44282 _d44282 |
||